Закономерности формирования спектра вторичных электронов при взаимодействии сильноточного электронного пучка с газами; Современные техника и технологии

Библиографические подробности
Источник:Современные техника и технологии.— 2000.— С. 358-359.
Главный автор: Данейкин Ю. В.
Другие авторы: Степанов Н. В.
Язык:русский
Опубликовано: 2000
Предметы:
Формат: Статья
Запись в KOHA:https://koha.lib.tpu.ru/cgi-bin/koha/opac-detail.pl?biblionumber=76689

MARC

LEADER 00000naa2a2200000 4500
001 76689
005 20231031091850.0
035 |a (RuTPU)RU\TPU\book\82207 
090 |a 76689 
100 |a 20050503d2000 k y0rusy50 ca 
101 0 |a rus 
102 |a RU 
200 1 |a Закономерности формирования спектра вторичных электронов при взаимодействии сильноточного электронного пучка с газами  |f Ю. В. Данейкин, Н. В. Степанов 
320 |a Библиогр.: 6 назв. 
463 0 |0 (RuTPU)RU\TPU\book\25688  |t Современные техника и технологии  |o Труды VI международной научно-практической конференции студентов, аспирантов и молодых ученых, 28 февраля - 3 марта 2000 года, Томск  |f М-во образования РФ; ТПУ  |v С. 358-359.  |d 2000  |p 478 с. 
610 1 |a спектр 
610 1 |a формирование спектра 
610 1 |a электроны 
610 1 |a вторичные электроны 
610 1 |a электронные пучки 
610 1 |a сильноточные электронные пучки 
610 1 |a газы 
610 1 |a редкоземельные металлы 
610 1 |a фторидные технологии 
610 1 |a труды учёных ТПУ 
700 1 |a Данейкин  |b Ю. В. 
701 1 |a Степанов  |b Н. В. 
801 1 |a RU  |b 63413507  |c 20050503  |g PSBO 
942 |c BK